[Event "Elitserien Allsvenskan 2018-19"]
[Site "Sweden"]
[Date "2018.11.09"]
[Round "1"]
[White "Ornstein, Axel"]
[Black "Malmstig, Erik"]
[Result "1-0"]
[WhiteElo "2306"]
[BlackElo "2333"]
[Annotator "TA"]
[PlyCount "71"]
[EventDate "2018.11.09"]
[EventType "team-tourn"]
[EventCountry "SWE"]
[SourceTitle "playchess.com"]
[Source "ChessBase"]
[SourceQuality "1"]

{[%evp 13,71,25,44,26,85,88,82,85,87,81,81,34,35,37,30,32,152,156,265,23,14,25,97,82,140,63,73,70,123,78,75,71,167,165,171,172,358,355,644,640,680,677,895,879,905,874,1641,1416,4640,2339,29983,29978,29977,29978,29978,29979,29977,29978,29975,29976]} 1. e4 c6 2. d4 d5 3. Nc3 dxe4 4. Nxe4 Nf6 5. Nxf6+ gxf6 6. Be3 Bf5 7. Ne2 Nd7 {LiveBook: 3 Games. B16: Caro-Kann: Bronstein-Larsen Variation} 8. Ng3 e6 (8... Bg6 $11 {remains equal.}) 9. Nxf5 $16 Qa5+ {White is better.} 10. Qd2 Qxf5 11. O-O-O O-O-O 12. Bd3 $146 ({Predecessor:} 12. Kb1 Nb6 13. Be2 h5 14. h4 Be7 {1-0 (64) Jenni,F (2430)-Dyce,A (2295) Mureck 1998}) 12... Qd5 13. c4 Qxg2 14. Qa5 a6 {[#]} ({Better is} 14... c5 $14) 15. Qh5 $1 $36 {[%csl LRf7,LRh7][%mdl 2048] White is on the roll.} (15. Bf4 $6 e5 $14) 15... c5 {[#]} (15... Rg8 $16 {was worth a try.}) 16. Qxf7 $2 ({White must play} 16. f3 $1 $18 Qg8 17. Rhg1 (17. dxc5 Ne5 $14)) 16... cxd4 $11 17. Bxd4 Qc6 (17... Nc5 $11 {keeps the balance.} 18. Bxc5 (18. Bxf6 $2 Nxd3+ 19. Kb1 Qe4 $19) 18... Bxc5 19. Qxe6+ (19. Qxf6 Qc6 $14) 19... Kb8 20. Qxf6 Rhf8 21. Qe5+ Bd6) 18. Rhe1 $16 ({Don't go for} 18. Bxf6 $2 Bh6+ 19. Kb1 Rdf8 $19) 18... e5 (18... Ne5 $142 19. Qxf6 Nxd3+ 20. Rxd3 Rg8) 19. Be3 (19. Be4 $16 Qc7 20. Be3) 19... Bb4 $14 20. Rg1 {And now Bf5 would win.} Rdf8 ({Black should try} 20... e4 $14 21. Bc2 Bc5) 21. Qd5 Qxd5 22. cxd5 {Black must now prevent Bf5.} Rf7 (22... f5 $16 {was necessary.}) 23. Bf5 $18 {Threatens to win with d6.} Bd6 24. h4 {[%cal Bh2h4,Bh4h5,Bh5h6][%mdl 32]} Kd8 $2 (24... h5 25. Kb1 Kc7) 25. h5 Bc5 $2 (25... Nc5 26. h6 Rc7) 26. h6 Bxe3+ 27. fxe3 Re8 28. Rg7 Ref8 29. Rdg1 Nb6 30. d6 {White wants to mate with Rxf7.} Ke8 31. Be6 Nd7 32. Bxf7+ {White mates.} Rxf7 33. Rxf7 Kxf7 34. Rg7+ Ke6 35. Rxh7 Kxd6 {[#]} 36. Rxd7+ $1 {[%mdl 512] Precision: White = 60%, Black = 21%.} 1-0

[Event "Elitserien Allsvenskan 2018-19"]
[Site "Sweden"]
[Date "2018.11.09"]
[Round "1"]
[White "Thorn, Eric"]
[Black "Kucuksari, Kaan"]
[Result "*"]
[WhiteElo "2300"]
[BlackElo "2329"]
[Annotator "TA"]
[PlyCount "12"]
[EventDate "2018.11.09"]
[EventType "team-tourn"]
[EventCountry "SWE"]
[SourceTitle "playchess.com"]
[Source "ChessBase"]
[SourceQuality "1"]

{[%evp 9,12,-4,0,-21,197]} 1. d4 Nf6 2. Nc3 d5 3. a3 (3. Bg5 Nbd7 4. f3 h6 5. Bh4 e6 6. e4 Be7 7. e5 Nh7 8. Bxe7 Qxe7 9. f4 b6 10. Nf3 Bb7 11. Bd3 O-O-O 12. a4 g5 13. f5 exf5 14. Bxf5 Kb8 {1-0 (32) Mamedyarov,S (2801)-Giri,A (2782) chess.com INT 2018}) 3... c6 4. f3 Nbd7 $146 ({Predecessor:} 4... e6 5. Bf4 Bd6 6. Nh3 O-O 7. e4 dxe4 8. fxe4 Re8 9. e5 Nd5 10. exd6 e5 11. Bxe5 Nxc3 12. bxc3 Bxh3 {½-½ (21) Werner,G (1227)-Varas,P (1438) LSS email 2011}) 5. e4 dxe4 6. fxe4 {D00: 1 d4 d5: Unusual lines} c5 $2 (6... e5 $11) *

[Event "Elitserien Allsvenskan 2018-19"]
[Site "Sweden"]
[Date "2018.11.09"]
[Round "1"]
[White "Rothen, Hakan"]
[Black "Larsson, Johan"]
[Result "*"]
[WhiteElo "2298"]
[BlackElo "2195"]
[Annotator "TA"]
[PlyCount "32"]
[EventDate "2018.11.09"]
[EventType "team-tourn"]
[EventCountry "SWE"]
[SourceTitle "playchess.com"]
[Source "ChessBase"]
[SourceQuality "1"]

{[%evp 15,16,52,58]} 1. e4 c5 2. Nf3 e6 3. d4 cxd4 4. Nxd4 a6 5. Bd3 Bc5 6. Nb3 Be7 7. O-O d6 8. Be3 {B42: Sicilian: Kan Variation: 5 Bd3} Nf6 {LiveBook: 30 Games} {Predecessor:} 9. N1d2 $146 Nc6 10. Nc4 Nd7 11. a4 d5 12. exd5 exd5 13. Ncd2 Nde5 14. Be2 d4 15. Bf4 d3 16. cxd3 Nxd3 {0-1 (47) Pavlidis,A (2539)-Fedorchuk,S (2648) Katowice 2017} *

[Event "Elitserien Allsvenskan 2018-19"]
[Site "Sweden"]
[Date "2018.11.09"]
[Round "1"]
[White "Bergstrom, Peter"]
[Black "Bellon Lopez, Juan Manuel"]
[Result "*"]
[WhiteElo "2297"]
[BlackElo "2337"]
[Annotator "TA"]
[PlyCount "39"]
[EventDate "2018.11.09"]
[EventType "team-tourn"]
[EventCountry "SWE"]
[SourceTitle "playchess.com"]
[Source "ChessBase"]
[SourceQuality "1"]

{[%evp 28,30,36,35,31]} 1. d4 Nf6 2. c4 e6 3. Nf3 Bb4+ 4. Bd2 Qe7 5. g3 O-O 6. Bg2 Bxd2+ 7. Qxd2 d6 8. Nc3 e5 9. O-O Re8 10. e4 Bg4 11. Ne1 Nc6 12. Nc2 {E11: Bogo-Indian} Nxd4 13. Nxd4 exd4 14. Qxd4 Qe5 15. Qd2 {LiveBook: 11 Games} Bd7 {[#]} {Predecessor:} 16. Kh1 $146 Bc6 17. f3 a5 18. Rac1 Nd7 19. Nb5 Bxb5 20. cxb5 {1-0 (27) Sulava,N (2548)-Vukovic,I (2273) Pula 2002} *

[Event "Elitserien Allsvenskan 2018-19"]
[Site "Sweden"]
[Date "2018.11.09"]
[Round "1"]
[White "Andersson, Fredrik"]
[Black "Zadruzny, Nicolaj"]
[Result "*"]
[WhiteElo "2284"]
[BlackElo "2268"]
[Annotator "TA"]
[PlyCount "24"]
[EventDate "2018.11.09"]
[EventType "team-tourn"]
[EventCountry "SWE"]
[SourceTitle "playchess.com"]
[Source "ChessBase"]
[SourceQuality "1"]

{[%evp 14,15,20,7]} 1. Nf3 Nf6 2. c4 e6 3. g3 d5 4. d4 Bb4+ 5. Bd2 Bd6 6. Nc3 {E01: Catalan: Early deviations} O-O 7. Bg5 c6 8. Bg2 {LiveBook: 42 Games} {Predecessor:} h6 $146 9. Bxf6 Qxf6 10. O-O Qd8 11. c5 Bc7 12. e4 b6 {1-0 (40) Ding,L (2797)-Topalov,V (2747) Wenzhou 2018} *

[Event "Elitserien Allsvenskan 2018-19"]
[Site "Sweden"]
[Date "2018.11.09"]
[Round "1"]
[White "Glimbrant, Torbjorn"]
[Black "Sorensen, Hampus"]
[Result "*"]
[WhiteElo "2279"]
[BlackElo "2161"]
[Annotator "TA"]
[PlyCount "30"]
[EventDate "2018.11.09"]
[EventType "team-tourn"]
[EventCountry "SWE"]
[SourceTitle "playchess.com"]
[Source "ChessBase"]
[SourceQuality "1"]

{[%evp 15,16,3,16]} 1. d4 Nf6 2. c4 e6 3. Nf3 {[%cal Bg1f3,Bf3d2,Bd2c4][%mdl 32]} c5 4. d5 d6 5. Nc3 exd5 6. cxd5 g6 7. Nd2 Nbd7 8. Nc4 {A61: Modern Benoni: Nf3 without early e4} (8. e4 Bg7 9. Be2 O-O 10. O-O Re8 11. h3 a6 12. a4 h6 13. f4 Rb8 14. a5 b5 15. axb6 Rxb6 16. Nc4 Nxe4 17. Nxe4 Rxe4 18. Nxb6 Qxb6 19. Bf3 Rb4 20. Re1 {½-½ (61) Wojtaszek,R (2734)-Donchenko,A (2563) Chartres 2017}) 8... Nb6 {LiveBook: 12 Games} {Predecessor:} 9. Ne3 $146 Bg7 10. g3 O-O 11. Bg2 Re8 12. O-O Ng4 13. Qb3 a6 14. Nxg4 Bxg4 15. Re1 Rb8 {0-1 (49) Murshed,N (2449)-Hossain,E (2443) Dhaka 2016} *

[Event "Elitserien Allsvenskan 2018-19"]
[Site "Sweden"]
[Date "2018.11.09"]
[Round "1"]
[White "Couso, Luis"]
[Black "Crevatin, Leo"]
[Result "*"]
[WhiteElo "2274"]
[BlackElo "2130"]
[Annotator "TA"]
[PlyCount "11"]
[EventDate "2018.11.09"]
[EventType "team-tourn"]
[EventCountry "SWE"]
[SourceTitle "playchess.com"]
[Source "ChessBase"]
[SourceQuality "1"]

{[%evp 9,11,31,22,31]} 1. d4 f5 2. Bg5 g6 3. Nc3 d5 4. h4 Bg7 5. Nh3 c6 {LiveBook: 6 Games} 6. Qd2 $146 {A80: Dutch Defence: Unusual White second moves} ({Predecessor:} 6. e3 h6 7. Bf4 Be6 8. Be5 Nf6 9. Nf4 Bf7 10. g4 Nbd7 11. gxf5 gxf5 12. Be2 Rg8 13. Rg1 {1-0 (45) Arabidze,M (2405)-Shamatava,A (2054) Ureki 2015}) *

[Event "Elitserien Allsvenskan 2018-19"]
[Site "Sweden"]
[Date "2018.11.09"]
[Round "1"]
[White "Kenneskog, Theodor"]
[Black "Aronsson, Marten"]
[Result "*"]
[WhiteElo "2270"]
[BlackElo "2272"]
[Annotator "TA"]
[PlyCount "29"]
[EventDate "2018.11.09"]
[EventType "team-tourn"]
[EventCountry "SWE"]
[SourceTitle "playchess.com"]
[Source "ChessBase"]
[SourceQuality "1"]

{[%evp 17,18,-11,-2]} 1. e4 c5 2. Nf3 e6 3. d4 cxd4 4. Nxd4 Nf6 5. Nc3 Nc6 6. Ndb5 Bc5 7. Nd6+ {B45: Sicilian Four Knights} Ke7 8. Nxc8+ Rxc8 9. Bd3 Qc7 {LiveBook: 11 Games} {Predecessor:} 10. Bg5 $146 Ne5 11. O-O h5 12. Kh1 Neg4 13. f4 Ne3 14. Qe2 Nxf1 15. Rxf1 {1-0 (41) Fressinet,L (2662)-Heberla,B (2555) Katowice 2017} *

[Event "Elitserien Allsvenskan 2018-19"]
[Site "Sweden"]
[Date "2018.11.09"]
[Round "1"]
[White "Lindgren, Fredrik"]
[Black "Schussler, Harry"]
[Result "1-0"]
[WhiteElo "2269"]
[BlackElo "2416"]
[Annotator "TA"]
[PlyCount "137"]
[EventDate "2018.11.09"]
[EventType "team-tourn"]
[EventCountry "SWE"]
[SourceTitle "playchess.com"]
[Source "ChessBase"]
[SourceQuality "1"]

{[%evp 15,137,-6,-2,-7,24,10,13,0,3,-29,-30,-60,-39,-37,-39,-37,-37,-47,-37,-33,-41,-42,-32,-35,-33,-38,-25,-38,-12,-38,0,-29,-10,-18,-18,-18,0,-23,0,0,0,0,0,0,0,0,0,0,0,0,0,0,0,0,0,0,9,12,13,-11,0,0,0,0,0,0,0,0,0,0,0,0,0,0,0,0,5,0,7,22,9,22,232,0,175,156,167,0,0,0,0,0,0,0,636,630,1904,1613,2032,1645,1579,1427,2423,2381,6617,1763,12838,12839,12840,12839,12840,12840,12843,12842,12845,12846,12846,12847,12847,12847,12848,12848,12850,29991]} 1. c4 e6 2. g3 d5 3. Bg2 dxc4 4. Nf3 Nd7 5. O-O Ngf6 6. Na3 {A13: English Opening: 1...e6} (6. Qa4 a6 7. Qxc4 c5 8. Qb3 Ra7 9. a4 b6 10. Na3 Be7 11. Nc4 O-O 12. d3 Nd5 13. Bd2 a5 14. Nfe5 Nxe5 15. Nxe5 Bb7 16. Nc4 {1-0 (50) Gordievsky,D (2630)-Wang,H (2713) Hanoi 2018}) 6... Bxa3 7. bxa3 O-O 8. Qc2 a6 {LiveBook: 5 Games} 9. Bb2 Rb8 10. Qxc4 b5 11. Qc3 $146 ({Predecessor:} 11. Qc2 Bb7 12. a4 c5 13. axb5 axb5 14. a4 b4 {0-1 (32) Paul,J (2227)-Vatter,H (2288) Saarbruecken 2013}) 11... Bb7 12. d3 Nb6 13. Qa5 c5 14. Be5 Rc8 15. Bxf6 gxf6 16. Nh4 Bxg2 17. Nxg2 Na4 18. Qd2 f5 19. Qh6 Qd4 20. Nf4 {[#] Hoping for Nh5.} Qg7 21. Qh4 Rc7 22. Nh5 Qg6 23. Rac1 f6 24. Nf4 {[%cal Bh5f4,Bf4g2,Bg2e3,Be3f5,Bf5d6][%mdl 32]} Qf7 25. Rc2 Kh8 26. Re1 e5 27. Ng2 Qg6 28. Qh3 Qg4 29. Qh6 Rg7 30. Ne3 Qg5 31. Qh3 f4 32. Nf5 Qg4 33. Qxg4 Rxg4 34. Rec1 Rg5 35. Nd6 fxg3 36. hxg3 f5 37. Kg2 Rg7 {And now ...Rd7 would win.} 38. e4 Rd7 39. Nxf5 Rxd3 40. Rh1 Rf6 41. Rh5 c4 42. Ne3 Re6 43. Ng4 Rxa3 44. Nxe5 c3 45. f4 Kg7 46. Rg5+ Kf8 47. Nd7+ Ke8 $1 {[%cal Re8d7]} 48. Rd5 b4 $2 {[#]} (48... Nb6 $11 49. Nxb6 Rxb6) 49. e5 $2 (49. f5 $1 $18 {[%cal Rf5e6]} Rc6 50. e5) 49... b3 $2 (49... Nb6 $11 50. Nxb6 Rxb6) 50. axb3 $18 Rxb3 51. Kf3 $2 (51. Nf6+ $18 Kf7 52. Kf3 (52. Nxh7 $2 Rb2 $19)) 51... Rb2 $11 52. Rc1 {Nf6+ is the strong threat.} Rd2 53. Ra5 {Threatens to win with Nf6+.} Rxd7 54. Rxa4 {[%mdl 4096] Endgame KRR-KRR} Rd3+ $2 {[%mdl 8192]} (54... Rc6 $11) 55. Ke4 $18 {White is clearly winning.} Rxg3 56. Rc4 Rb6 57. R1xc3 Rxc3 58. Rxc3 {KR-KR} Kd7 59. Rg3 Rg6 60. Rb3 (60. Rh3 $142 Rg7 61. Rh6) 60... Kc6 61. Rh3 Rg7 62. Rh6+ Kb5 63. f5 {[%cal Bf4f5,Bf5f6,Bf6f7][%mdl 32]} a5 64. f6 Rg1 65. f7 Re1+ 66. Kf5 Rf1+ 67. Ke6 a4 68. Rf6 Rxf6+ 69. Kxf6 {Precision: White = 68%, Black = 53%.} 1-0

[Event "Elitserien Allsvenskan 2018-19"]
[Site "Sweden"]
[Date "2018.11.09"]
[Round "1"]
[White "Penalver, Osmani"]
[Black "Hjelm, Niclas"]
[Result "*"]
[WhiteElo "2254"]
[BlackElo "2338"]
[Annotator "TA"]
[PlyCount "30"]
[EventDate "2018.11.09"]
[EventType "team-tourn"]
[EventCountry "SWE"]
[SourceTitle "playchess.com"]
[Source "ChessBase"]
[SourceQuality "1"]

{[%evp 19,30,0,-1,-17,-27,-20,-20,-17,-10,-18,-3,-32,-2]} 1. e4 c6 2. d4 d5 3. Nc3 dxe4 4. Nxe4 Bf5 5. Ng3 Bg6 6. Nf3 e6 7. h4 h6 8. h5 Bh7 9. Bd3 Bxd3 10. Qxd3 Nf6 {LiveBook: 731 Games} 11. Qb3 {B19: Classical Caro-Kann: 4...Bf5 main line} (11. Bd2 c5 12. Ne4 Nc6 13. Bc3 Nb4 14. Bxb4 cxb4 15. Nxf6+ gxf6 16. c4 Qc7 17. O-O Rg8 18. c5 O-O-O 19. a3 Qc6 {½-½ (51) Inarkiev,E (2680)-Artemiev,V (2701) Sharjah 2018}) 11... Qb6 12. Bf4 Nbd7 13. O-O-O Qxb3 14. axb3 a5 $146 ({Predecessor:} 14... Be7 15. Nd2 Nd5 16. Be3 O-O 17. Nde4 f5 {0-1 (17) Montolio Benedicto,C (1816)-Nikitinyh,B (2065) St Petersburg 2015}) 15. Rhe1 Nb6 *

[Event "Elitserien Allsvenskan 2018-19"]
[Site "Sweden"]
[Date "2018.11.09"]
[Round "1"]
[White "Nyander, Joakim"]
[Black "Blomqvist, Erik"]
[Result "*"]
[WhiteElo "2229"]
[BlackElo "2491"]
[Annotator "TA"]
[PlyCount "27"]
[EventDate "2018.11.09"]
[EventType "team-tourn"]
[EventCountry "SWE"]
[SourceTitle "playchess.com"]
[Source "ChessBase"]
[SourceQuality "1"]

{[%evp 19,27,0,4,0,0,0,0,0,29,0]} 1. d4 d5 2. c4 e6 3. Nf3 a6 4. cxd5 exd5 5. Nc3 Nf6 6. Bg5 {D37: Damengambit (5.Lf4)} Be6 7. e3 Nbd7 8. Bd3 Bd6 (8... h6 9. Bf4 g5 10. Bg3 Nh5 11. Be5 Nhf6 12. Bg3 Nh5 13. Qb3 Nxg3 14. hxg3 {½-½ (48) Karjakin,S (2773)-Caruana,F (2822) Saint Louis 2018}) 9. Qc2 c6 10. O-O Qc7 {LiveBook: 12 Partien} 11. Rfe1 h6 12. Bh4 $146 ({Vorgänger:} 12. Bxf6 Nxf6 13. e4 dxe4 14. Nxe4 Nxe4 15. Bxe4 {0-1 (40) Li,D (2488)-Ni,H (2675) China 2017}) 12... O-O 13. Bg3 Rfe8 14. Rac1 *

[Event "Elitserien Allsvenskan 2018-19"]
[Site "Sweden"]
[Date "2018.11.09"]
[Round "1"]
[White "Kabadayi, Can"]
[Black "Namini, Armin"]
[Result "*"]
[WhiteElo "2213"]
[BlackElo "2205"]
[Annotator "NA RC"]
[PlyCount "29"]
[EventDate "2018.11.09"]
[EventType "team-tourn"]
[EventCountry "SWE"]
[SourceTitle "playchess.com"]
[Source "ChessBase"]
[SourceQuality "1"]
[TimeControl "40/5400+30:1800+30"]

{[%evp 19,29,2,2,2,0,0,0,32767,10,-22,16,0]} 1. Nf3 {[%emt 1:30:30]} d5 {[%emt 1:30:30]} 2. g3 {[%emt 0:00:30]} Nf6 {[%emt 0:00:30]} 3. Bg2 {[%emt 0:00:30]} e6 {[%emt 0:00:30]} 4. O-O {[%emt 0:00:30]} Be7 {[%emt 0:00:30]} 5. b3 {[%emt 0:00:30]} O-O {[%emt 0:00:30]} 6. Bb2 {[%emt 0:00:30]} c5 {[%emt 0:00:30]} 7. c4 {[%emt 0:00:30]} Nc6 {[%emt 0:00:30]} 8. e3 {[%emt 0:00:30]} Bd7 {[%emt 0:00:30]} 9. d3 {[%emt 0:00:30]} Qc7 {[%emt 0:00:30]} 10. a3 {[%emt 0:00:30]} dxc4 {[%emt 0:00:30]} 11. bxc4 {[%emt 0:00:30]} Rfd8 {[%emt 0:00:30]} 12. Qe2 {[%emt 0:00:30]} a6 {[%emt 0:00:30]} 13. Nbd2 {[%emt 0:00:30]} Rac8 {[%emt 0:00:30]} 14. Rac1 {[%emt 0:00:30]} Be8 {[%emt 0:00:30]} 15. Ne1 $11 {[%emt 0:00:30]} *

[Event "Elitserien Allsvenskan 2018-19"]
[Site "Sweden"]
[Date "2018.11.09"]
[Round "1"]
[White "Drugge, Patrik"]
[Black "Engqvist, Thomas"]
[Result "*"]
[WhiteElo "2198"]
[BlackElo "2331"]
[Annotator "TA"]
[PlyCount "23"]
[EventDate "2018.11.09"]
[EventType "team-tourn"]
[EventCountry "SWE"]
[SourceTitle "playchess.com"]
[Source "ChessBase"]
[SourceQuality "1"]

{[%evp 9,23,6,39,0,0,0,2,-16,-18,-15,10,10,0,-16,22,8]} 1. c4 e6 2. g3 d5 3. Bg2 g6 4. Nf3 Bg7 5. O-O (5. d4 Nc6 6. O-O Nge7 7. e3 O-O 8. Nc3 b6 9. Qe2 Ba6 10. b3 dxc4 11. Ba3 Re8 12. Rac1 Qd7 13. Rfd1 Rad8 14. bxc4 Qc8 15. Nb5 Na5 16. Nd2 {1-0 (42) Shankland,S (2671)-Rakhmanov,A (2635) Havana 2018}) 5... Nf6 {LiveBook: 54 Games} 6. cxd5 {A13: English Opening: 1...e6} exd5 {The position is equal.} 7. d3 O-O 8. Nc3 {[%cal Bb1c3,Bc3e4,Be4c5][%mdl 32]} d4 $146 ({Predecessor:} 8... h6 9. e4 d4 10. Nb5 Ne8 11. a4 c5 12. Bd2 Nc6 13. Rc1 {1-0 (35) Bischoff,K (2445)-Root,D (2395) Chicago,IL 1983}) 9. Ne4 Nd5 10. Bg5 Qd7 11. Qb3 c6 12. Nc5 *

[Event "Elitserien Allsvenskan 2018-19"]
[Site "Sweden"]
[Date "2018.11.09"]
[Round "1"]
[White "Eriksson, Jorgen"]
[Black "Vernersson, Per"]
[Result "*"]
[WhiteElo "2193"]
[BlackElo "2296"]
[Annotator "TA"]
[PlyCount "26"]
[EventDate "2018.11.09"]
[EventType "team-tourn"]
[EventCountry "SWE"]
[SourceTitle "playchess.com"]
[Source "ChessBase"]
[SourceQuality "1"]

{[%evp 11,14,21,25,23,5]} 1. d4 d5 2. c4 dxc4 3. e4 Nf6 4. e5 Nd5 5. Bxc4 Bf5 6. Qb3 {D20: Queen's Gambit Accepted: 3 e3 and 3 e4} c6 $1 {LiveBook: 8 Games} 7. Nc3 {[%cal Rc3d5]} e6 $1 {Predecessor:} 8. Qxb7 $146 Nb6 9. Be2 Bb4 10. Nf3 O-O 11. Be3 f6 12. d5 cxd5 13. exf6 Qxf6 {1-0 (46) Van Wely,L (2663)-Dorfman,J (2560) Chartres 2017} *

[Event "Elitserien Allsvenskan 2018-19"]
[Site "Sweden"]
[Date "2018.11.09"]
[Round "1"]
[White "Tuomainen, Felix"]
[Black "Backlund, Anders"]
[Result "*"]
[WhiteElo "2182"]
[BlackElo "2300"]
[Annotator "TA"]
[PlyCount "29"]
[EventDate "2018.11.09"]
[EventType "team-tourn"]
[EventCountry "SWE"]
[SourceTitle "playchess.com"]
[Source "ChessBase"]
[SourceQuality "1"]

{[%evp 15,16,-8,-15]} 1. Nf3 d5 2. d4 Nf6 3. c4 c6 4. e3 Bg4 5. Qb3 Qb6 6. Ne5 Bf5 {D11: Slav Defence: 3 Nf3 sidelines and 3...Nf6 4 e3 Bg4} (6... Be6 7. Nc3 Nbd7 8. Nxd7 Bxd7 9. cxd5 Nxd5 10. Bc4 Qxb3 11. Bxb3 e6 12. Ne4 Be7 13. Bd2 b6 14. Rc1 {½-½ (44) Wojtaszek,R (2727)-Yu,Y (2765) Batumi 2018}) 7. Nc3 e6 8. Be2 Nbd7 {LiveBook: 15 Games} {Predecessor:} 9. Nxd7 $146 Nxd7 10. Bd2 Be7 11. Rc1 Rb8 12. O-O O-O 13. Na4 Qd8 14. cxd5 exd5 15. Bb4 {½-½ (36) Istratescu,A (2627)-Howell,D (2633) Hastings 2011} *

[Event "Elitserien Allsvenskan 2018-19"]
[Site "Sweden"]
[Date "2018.11.09"]
[Round "1"]
[White "Hedin, Gunnar"]
[Black "Helgason, Reynir"]
[Result "*"]
[WhiteElo "2180"]
[BlackElo "2303"]
[Annotator "TA"]
[PlyCount "25"]
[EventDate "2018.11.09"]
[EventType "team-tourn"]
[EventCountry "SWE"]
[SourceTitle "playchess.com"]
[Source "ChessBase"]
[SourceQuality "1"]

{[%evp 11,25,75,82,95,82,72,77,58,74,75,68,48,40,37,55,31]} 1. d4 Nf6 2. c4 c5 3. d5 a6 4. a4 e5 5. Nc3 d6 6. e4 {A56: Czech Benoni} g6 {LiveBook: 12 Games} (6... Nbd7 7. Bd3 Be7 8. Be3 b6 9. f3 Nh5 10. Qd2 Nf4 11. Bc2 Nf8 12. g3 Nh3 13. O-O-O Ng6 14. Nxh3 Bxh3 {1-0 (40) Pap,G (2508)-Vajda,L (2505) Szombathely 2010}) 7. a5 $146 ({Predecessor:} 7. Bd3 Bg7 8. h3 O-O 9. Nge2 Ne8 10. Qc2 f5 11. f4 Qh4+ 12. g3 Qe7 13. Bd2 fxe4 14. Nxe4 {½-½ (41) Wickstrom,L (2361)-Laveryd,P (2391) Sweden 2016}) 7... Bg7 8. Be2 {White is better.} O-O 9. Bg5 b5 {[#]} 10. axb6 $1 Qxb6 11. Qc2 {White is slightly better.} a5 12. Nf3 Nh5 13. g3 *

[Event "Elitserien Allsvenskan 2018-19"]
[Site "Sweden"]
[Date "2018.11.09"]
[Round "1"]
[White "Eriksson, Dan"]
[Black "Henriksson, Johan"]
[Result "*"]
[WhiteElo "2148"]
[BlackElo "2252"]
[Annotator "TA"]
[PlyCount "15"]
[EventDate "2018.11.09"]
[EventType "team-tourn"]
[EventCountry "SWE"]
[SourceTitle "playchess.com"]
[Source "ChessBase"]
[SourceQuality "1"]

{[%evp 13,15,12,10,-14]} 1. Nf3 Nf6 2. g3 g6 3. Bg2 Bg7 4. O-O O-O 5. d3 Re8 6. c4 e5 7. Nc3 d6 {LiveBook: 201 Partien} 8. Bd2 $146 {A24: Englische Eröffnung} ({Vorgänger:} 8. Rb1 Nbd7 9. b4 a5 10. b5 Nc5 11. Ba3 Rb8 12. Nd2 h5 13. b6 cxb6 14. Nd5 Nxd5 15. Bxd5 h4 16. Bxc5 bxc5 {0-1 (36) Carlsen,M (2832)-Grischuk,A (2750) chess.com INT 2017}) *

[Event "Elitserien Allsvenskan 2018-19"]
[Site "Sweden"]
[Date "2018.11.09"]
[Round "1"]
[White "Mardell, Jimmy"]
[Black "De Verdier, Michael"]
[Result "*"]
[WhiteElo "2139"]
[BlackElo "2277"]
[Annotator "TA"]
[PlyCount "33"]
[EventDate "2018.11.09"]
[EventType "team-tourn"]
[EventCountry "SWE"]
[SourceTitle "playchess.com"]
[Source "ChessBase"]
[SourceQuality "1"]

{[%evp 17,23,18,20,15,21,7,15,7]} 1. c4 e6 2. d4 d5 3. Nc3 c6 4. Nf3 Nf6 5. Bg5 Nbd7 6. e3 Be7 7. Bd3 dxc4 8. Bxc4 b5 9. Bd3 Bb7 {LiveBook: 9 Games. The position is equal. D53: Queen's Gambit Declined: 4 Bg5 Be7: Early deviations} 10. a3 (10. O-O h6 11. Bh4 O-O 12. Rc1 Rc8 13. a3 a5 14. Ne5 Nxe5 15. dxe5 Nd7 16. Bxe7 Qxe7 17. f4 Nc5 18. Bb1 Rfd8 19. Qc2 g6 20. Ne2 Nd7 21. Nc3 Nc5 22. Rfd1 b4 23. axb4 axb4 24. Ne2 Rxd1+ 25. Qxd1 Nd7 26. Be4 Nb6 27. Qd6 {½-½ (27) Becsenescu,F (2458)-Rogos,J (2533) ICCF email 2015}) 10... a6 {[%cal Ba7a6,Ba6a5][%mdl 32]} 11. b4 a5 12. Rb1 {Predecessor:} axb4 $146 13. axb4 h6 14. Bxf6 Bxf6 15. O-O O-O 16. Be4 Rb8 17. Qd2 {½-½ (25) Kashlinskaya,A (2000)-Danilova,I Russia 2004} *

[Event "Elitserien Allsvenskan 2018-19"]
[Site "Sweden"]
[Date "2018.11.09"]
[Round "1"]
[White "Bjorkeroth, Johan"]
[Black "Bator, Robert"]
[Result "*"]
[WhiteElo "2104"]
[BlackElo "2384"]
[Annotator "TA"]
[PlyCount "33"]
[EventDate "2018.11.09"]
[EventType "team-tourn"]
[EventCountry "SWE"]
[SourceTitle "playchess.com"]
[Source "ChessBase"]
[SourceQuality "1"]

{[%evp 19,20,9,16]} 1. e4 c5 2. Nc3 Nc6 3. g3 g6 4. Bg2 Bg7 5. d3 Nf6 6. Nge2 O-O 7. O-O Rb8 8. f4 d6 9. h3 Nd4 {B25: Closed Sicilian: 3 g3, lines without early Be3} (9... Nd7 10. Nd5 e6 11. Ne3 b5 12. f5 Bb7 13. c3 b4 14. Ng4 bxc3 15. bxc3 exf5 16. exf5 Nce5 17. Bxb7 Rxb7 {½-½ (46) Aronian,L (2764)-Vachier Lagrave,M (2789) Leuven 2018}) 10. Be3 Ne8 {LiveBook: 4 Games} {Predecessor:} 11. a4 $146 Bd7 12. Bf2 Nc7 13. Nxd4 cxd4 14. Ne2 e5 15. c3 dxc3 16. bxc3 b6 17. d4 {1-0 (89) Ivanov,A (2560)-Vigorito,D (2405) Tulsa 2008} *